000 00649cam a22002053a 4500
001 43577
003 PGUSA
005 20140828084006.0
008 130827s2013||||xxu|||||s|||||000 | eng d
040 _aPGUSA
_beng
042 _adc
100 1 _aKirby, William,
_d1817-1906
245 1 3 _aAn Introduction to Entomology :
_bVol. II (of 4) : or Elements of the Natural History of the Insects
_h[electronic resource] /
_cWilliam Kirby
260 _bProject Gutenberg,
_c2013
506 _aPublic domain in the USA.
516 _aElectronic text
830 0 _aProject Gutenberg
_v43577
856 4 0 _uhttp://www.gutenberg.org/ebooks/43577
942 _cEB
999 _c272828
_d272828